Statistics for Oceania Airports Map Quiz

Click here to take the quiz!

General Stats

  • This quiz has been taken 24 times
  • The average score is 14 of 20

Answers on the Map

Answers color-coded by a green-red scale on the quiz's map according to % correct below.
 

Answer Stats

Answer% Correct
Darwin
95%
Melbourne
89%
Perth
89%
Adelaide
84%
Hobart
84%
Wellington
84%
Auckland
79%
Canberra
79%
Christchurch
79%
Brisbane
74%
Gold Coast
74%
Cairns
68%
Nadi
68%
Townsville
68%
Kingsford-Smith
63%
Queenstown
53%
Daniel K. Inouye
37%
Kahului
37%
Kona
37%
Lihue
21%

Score Distribution

Percentile by Number Answered

Percent of People with Each Score

Your Score History

You have not taken this quiz